000 00691nam a22002057a 4500
005 20240530110600.0
008 160322s2012 ua g 000 0 ara d
017 _a2012/21387
_bمصر . دار الكتب المصرية
020 _a9789774990427
040 _aEG-CaGPL
082 0 4 _221
_a320.5315\
_bع ق
100 0 _aعادل مصطفى
245 1 0 _aفقة الديمقراطية /
_cعادل مصطفى
260 _aالقاهرة :
_bرؤية للنشر و التوزيع ،
_c2012 .
300 _a125 ص ؛
_c19 سم .
650 0 4 _aالاحوال السياسية
650 0 4 _aالديمقراطية
942 _2ddc
_cBK
999 _c62646
_d62646